| 000 | 00865nam a2200181Ia 4500 | ||
|---|---|---|---|
| 008 | 090630s9999 xx 000 0 und d | ||
| 082 | _b22340 | ||
| 100 | _aबापट सदाशिव विनायक /केळकर न. चि. | ||
| 245 |
_aलो. टिळक यांच्या आठवणी. _cबापट सदाशिव विनायक /केळकर न. चि. |
||
| 260 |
_bबापट स. वि. - पुणे. _c1924 |
||
| 300 | _a518 | ||
| 600 | _aबापट सदाशिव विनायक /केळकर न. चि. | ||
| 630 | _aलो. टिळक यांच्या आठवणी. | ||
| 655 | _aइतर. | ||
| 700 | _aबापट सदाशिव विनायक /केळकर न. चि. | ||
| 730 | _aलो. टिळक यांच्या आठवणी. | ||
| 942 | _cBOOK | ||
| 999 |
_c274196 _d274196 |
||